Statistics for Roman Emperors

Click here to take the quiz!

General Stats

  • This quiz has been taken 39 times
  • The average score is 31 of 83

Answer Stats

Answer% Correct
Augustus
87%
Nero
87%
Caligula
77%
Hadrian
77%
Claudius
70%
Julius Nepos
70%
Constantine the Great
67%
Tiberius
67%
Trajan
67%
Commodus
63%
Marcus Aurelius
63%
Galba
57%
Nerva
57%
Titus
57%
Vespasian
57%
Septimius Severus
53%
Domitian
50%
Otho
50%
Diocletian
47%
Vitellius
47%
Constantine II
43%
Philip I
43%
Romulus Augustus
43%
Antoninus Pius
40%
Caracalla
40%
Constantius I
40%
Geta
40%
Julian
40%
Maximinus I
40%
Theodosius I
40%
Constans I
37%
Gordian I
37%
Honorius
37%
Jovian
37%
Maxentius
37%
Severus Alexander
37%
Valens
37%
Aurelian
33%
Constantius II
33%
Didius Julianus
33%
Gordian II
33%
Gordian III
33%
Lucius Verus
33%
Macrinus
33%
Maximian
33%
Pertinax
33%
Valentinian I
33%
Valentinian II
33%
Valerian
33%
Balbinus
30%
Galerius
30%
Licinius I
30%
Constantine III
27%
Florian
27%
Gallienus
27%
Quintillus
27%
Tacitus
27%
Trajan Decius
27%
Trebonianus Gallus
27%
Vetranio
27%
Aemilian
23%
Carinus
23%
Carus
23%
Constantius III
23%
Gratian
23%
Hostilian
23%
Joannes
23%
Numerian
23%
Probus
23%
Anthemius
20%
Avitus
20%
Claudius Gothicus
20%
Maximinus II
20%
Olybrius
20%
Petronius Maximus
20%
Pupienus
20%
Valentinian III
20%
Glycerius
17%
Libius Severus
17%
Majorian
17%
Severus II
17%
Magnus Maximus
10%
Elagabulas
3%

Score Distribution

Percentile by Number Answered

Percent of People with Each Score

Your Score History

You have not taken this quiz